000 00330nam a22001457a 4500
020 _a0-8167-7325-4
082 _a823
_bMCC/T
100 _aMCGUIRE, LESLIE
245 _aIS THERE LIFE AFTER 6TH GRADE?
260 _aCANADA
_bTROLL ASSOCIATES
_c1990
300 _a94
520 _aSHORT STORY
650 _aSHORT STORY
942 _cBK
999 _c6137
_d6137